00418nam a2200133 a 450000500170000000800410001705000170005810000170007524500430009226000280013544000060016399900190016995200960018820140414131920.0101022s19uu xx 00 eng d aERbK13 199? aMilne, A. A. aKanga and baby Roo come to the forest. bDutton Children's Book. a  c111677d111677 001040aMUbMUcERd2010-10-22l0oER K13 199?pM2537r2014-04-14 00:00:00w2014-04-14yBK